LEADER 03424nam 22005412 450 001 996218236303316 005 20151109030844.0 010 $a1139801120 010 $a0511974353 035 $a(CKB)2550000000035024 035 $a(MH)012663393-2 035 $a(SSID)ssj0000505831 035 $a(PQKBManifestationID)11347754 035 $a(PQKBTitleCode)TC0000505831 035 $a(PQKBWorkID)10513114 035 $a(PQKB)10061063 035 $a(UkCbUP)CR9780511974359 035 $a(EXLCZ)992550000000035024 100 $a20101011d2011|||| uy| 0 101 0 $aeng 135 $aur||||||||||| 181 $ctxt$2rdacontent 182 $cc$2rdamedia 183 $acr$2rdacarrier 200 04$aThe Cambridge companion to Jane Austen /$fedited by Edward Copeland and Juliet McMaster$b[electronic resource] 205 $aSecond edition. 210 1$aCambridge :$cCambridge University Press,$d2011. 215 $a1 online resource (xxvi, 271 pages) $cdigital, PDF file(s) 225 1 $aCambridge companions to literature 300 $aTitle from publisher's bibliographic system (viewed on 09 Nov 2015). 311 1 $a0-521-74650-7 311 1 $a0-521-76308-8 320 $aIncludes bibliographical references and index. 327 $aPreface / Edward Copeland and Juliet McMaster -- Chronology of Jane Austen's life / Deirdre Le Faye -- 1. The professional woman writer / Jan Fergus -- 2. Northanger Abbey and Sense and Sensibility / Thomas Keymer -- 3. Pride and Prejudice and Mansfield Park / Jocelyn Harris -- 4. Emma and Persuasion / Penny Gay -- 5. The early short fiction / Margaret Anne Doody -- 6. 'Lady Susan', 'The Watsons' and 'Sanditon' / Janet Todd -- 7. The letters / Carol Houlihan Flynn -- 8. Class / Juliet McMaster -- 9. Money / Edward Copeland -- 10. Making a living / David Selwyn -- 11. Gender / E.J. Clery -- 12. Sociability / Gillian Russell -- 13. Jane Austen and literary traditions / Isobel Grundy -- 14. Jane Austen on screen / Kathryn Sutherland -- 15. Austen cults and cultures / Claudia Johnson -- 16. Further reading / Bruce Stovel and Mary M. Chan. 330 $aJane Austen's stock in the popular marketplace has never been higher, while academic studies continue to uncover new aspects of her engagement with her world. This fully updated edition of the acclaimed Cambridge Companion offers clear, accessible coverage of the intricacies of Austen's works in their historical context, with biographical information and suggestions for further reading. Major scholars address Austen's six novels, the letters and other works, in terms accessible to students and the many general readers, as well as to academics. With seven new essays, the Companion now covers topics that have become central to recent Austen studies, for example, gender, sociability, economics, and the increasing number of screen adaptations of the novels. 410 0$aCambridge companions to literature. 606 $aWomen and literature$zEngland$xHistory$y19th century 606 $aRomance fiction, English$xHistory and criticism 615 0$aWomen and literature$xHistory 615 0$aRomance fiction, English$xHistory and criticism. 676 $a823/.7 702 $aCopeland$b Edward 702 $aMcMaster$b Juliet 801 0$bUkCbUP 801 1$bUkCbUP 912 $a996218236303316 996 $aCambridge companion to Jane Austen$9483712 997 $aUNISA LEADER 05337nam 2200613 450 001 9910812508203321 005 20230120014630.0 010 $a1-4832-9912-0 035 $a(CKB)3710000000200140 035 $a(EBL)1888627 035 $a(SSID)ssj0001267376 035 $a(PQKBManifestationID)12485381 035 $a(PQKBTitleCode)TC0001267376 035 $a(PQKBWorkID)11255519 035 $a(PQKB)10796790 035 $a(MiAaPQ)EBC1888627 035 $a(EXLCZ)993710000000200140 100 $a20150113h19901990 uy 0 101 0 $aeng 135 $aur|n|---||||| 181 $ctxt 182 $cc 183 $acr 200 10$aStructural analysis and design $esome microcomputer applications /$fH.B. Harrison 205 $a2nd ed. 210 1$aOxford, England :$cPergamon Press,$d1990. 210 4$d©1990 215 $a1 online resource (858 p.) 300 $aDescription based upon print version of record. 311 $a1-322-47959-3 311 $a0-08-037520-0 320 $aIncludes bibliographical references at the end of each chapters and index. 327 $aFront Cover; Structural Analysis and Design: Some Microcomputer Applications; Copyrigh Page; Tabe of Contents; PREFACE TO THE SECOND EDITION; PREFACE TO THE FIRST EDITION; NOTATION; CHAPTER 1. AN INTRODUCTION TO STRUCTURAL COMPUTATION; 1.1. INTRODUCTION; 1.2. THE MINICOMPUTER; 1.3. LANGUAGES; 1.4. SOME SMALL STRUCTURAL PROBLEMS; 1.6. COMMENTS; 1.7. REFERENCES; CHAPTER 2. SOME BEAM CALCULATIONS; 2.1. INTRODUCTION; 2.2. THE SIMPLE UNIFORM BEAM; 2.3. THE NON-UNIFORM BEAM; 2.4. DESIGN OF PLATE GIRDERS; 2.5. COMMENTS; 2.6. REFERENCES; CHAPTER 3. COMPUTATION OF BENDING STRESSES; 3.1. INTRODUCTION 327 $a3.2. SIMPLE FLEXURAL THEORY3.3. PROGRAMMING THE AREA CALCULATIONS; 3.4. COMMENTS; CHAPTER 4. ECCENTRICALLY LOADED CONNECTIONS; 4.1. INTRODUCTION; 4.2. ANALYSIS FOR BOLTED SHEAR CONNECTIONS; 4.3. ANALYSIS FOR WELDED SHEAR CONNECTIONS; 4.4. THE PROGRAMS FOR JOINT ANALYSIS; 4.5. COMMENTS; 4.6. REFERENCE; CHAPTER 5. SOLUTION OF SIMULTANEOUS EQUATIONS; 5.1. INTRODUCTION; 5.2. SOME ARRAY OPERATIONS IN FORTRAN; 5.3. SOLUTION BY GAUSSIAN ELIMINATION; 5.4. SOLUTION BY COMPACT ELIMINATION METHODS; 5.5. COMMENTS; 5.6. REFERENCES; CHAPTER 6. ANALYSIS OF PLANE TRUSSES; 6.1. INTRODUCTION 327 $a6.2. DISPLACEMENT ANALYSIS OF TRUSSES6.3. AUTOMATING THE DISPLACEMENT METHOD; 6.4. THE FRAME STIFFNESS MATRIX; 6.5. COMMENTS; 6.6. REFERENCES; CHAPTER 7. ANALYSIS OF SPACE TRUSSES; 7.1. INTRODUCTION; 7.2. STIFFNESS EQUATION GENERATION; 7.3. ALLOWANCE FOR INITIAL STRAINS; 7.4. COMMENTS; CHAPTER 8. ANALYSIS OF PLANE RIGID FRAMES (1); 8.1. INTRODUCTION; 8.2. THE STATICS MATRIX; 8.3. THE MEMBER FLEXIBILITY EQUATIONS; 8.4. THE DEFORMATION COMPATIBILITY EQUATIONS; 8.5. THE FRAME STIFFNESS EQUATIONS; 8.6. COMMENTS; CHAPTER 9. ANALYSIS OF PLANE RIGID FRAMES (2); 9.1. INTRODUCTION 327 $a9.2. ALLOWANCE FOR FINITE SHEAR STRAINS9.3. ALLOWANCE FOR INTERNAL HINGES; 9.4. ALLOWANCE FOR INITIAL STRAINS; 9.5. ALLOWANCE FOR TRANSVERSE LOADING ON MEMBERS; 9.6. COMMENTS; CHAPTER 10. THE ANALYSIS OF SIMPLE AND CONTINUOUS BEAMS; 10.1. INTRODUCTION; 10.2. STIFFNESS ANALYSIS; 10.3. PLANE FRAME PROGRAM; 10.4. BEAM PROGRAM; 10.5. BEAM LOADING; 10.6. INFLUENCE LINES; 10.7. INFLUENCE COEFFICIENT PROGRAM; 10.8. CONCLUSIONS; 10.9. REFERENCES; CHAPTER 11. ANALYSIS OF PLANE GRILLAGES; 11.1. INTRODUCTION; 11.2. THE BOW GIRDER; 11.3. THE STATICS MATRIX; 11.4. AUTOMATIC GRILLAGE ANALYSIS 327 $a11.5. COMMENTSCHAPTER 12. ANALYSIS OF RIGID SPACE FRAMES; 12.1. INTRODUCTION; 12.2. THE STRESS-RESULTANTS; 12.3. THE MEMBER STIFFNESS EQUATIONS; 12.4. THE STATICS MATRIX; 12.5. THE GENERAL PROGRAM; 12.6. COMMENTS; 12.7. REFERENCE; CHAPTER 13. ELASTIC-PLASTIC ANALYSIS OF PLANE FRAMES; 13.1. INTRODUCTION; 13.2. ELASTIC-PLASTIC ANALYSIS; 13.3. AUTOMATIC ELASTIC-PLASTIC ANALYSIS; 13.4. PROGRAMMING THE METHOD OF ELASTIC-PLASTIC ANALYSIS; 13.5. COMMENTS; 13.6. REFERENCES; CHAPTER 14. ANALYSIS OF SUSPENSION CABLES; 14.1. INTRODUCTION; 14.2. THE CHAIN CALCULATION 327 $a14.3. IMPROVEMENT OF THE INITIAL VALUES 330 $aThis book is designed to give the structural engineer training in microcomputer technology, starting with theory and computer methods in Part 1 and culminating in extensive listings of programs in both Fortran 77 and Basic in Part 2. Because it provides programs and the information to understand and modify them for specific purposes, it can be used as a text for graduate engineering students or by the professional engineer interested in learning how computers can be applied to practical problems. Data files and worked solutions are included. Some forty programs are explained ranging from cross 606 $aStructural analysis (Engineering)$xData processing 606 $aStructural design$xData processing 606 $aMicrocomputers$xProgramming 615 0$aStructural analysis (Engineering)$xData processing. 615 0$aStructural design$xData processing. 615 0$aMicrocomputers$xProgramming. 676 $a624.1/71/0285 700 $aHarrison$b H. B.$f1930-$028691 801 0$bMiAaPQ 801 1$bMiAaPQ 801 2$bMiAaPQ 906 $aBOOK 912 $a9910812508203321 996 $aStructural analysis and design$9328422 997 $aUNINA LEADER 02278nam0 22004813i 450 001 LO10020241 005 20251003044205.0 010 $a8820421496 020 $aIT$b81-8690 100 $a19900508d1981 ||||0itac50 ba 101 | $aita 102 $ait 181 1$6z01$ai $bxxxe 182 1$6z01$an 200 1 $aˆLe ‰lotte degli elettromeccanici$fBruno Bezza, Stefano Datola, Roberto Gallessi 210 $aMilano$cF. Angeli$dc1981 215 $a179 p.$d22 cm 225 | $aCollana di cultura sindacale$v17 300 $aIn testa al front.: Centro ricerche e studi sindacali, Fiom Milano. 410 0$1001LO10030084$12001 $aCollana di cultura sindacale$v17 606 $aLavoratori elettromeccanici$xVertenze sindacali$x1960-1961$2FIR$3SBLC002270$9I 676 $a331.880945$9SINDACATI. Italia$v23 676 $a331.881 69$9$v20 676 $a331.881710945211$9$v19 676 $a331.89$9CONTRATTAZIONE COLLETTIVA E VERTENZE SINDACALI$v12 676 $a331.89042130945$9$v20 686 $aIT/3436.5$cLOTTE OPERAIE ITALIA 1945-1968$2R 686 $aLOM/35.3$cECONOMIA E SOCIETA LOMBARDIA 1945-1968$2R 696 $aLavoratori$aIndustria elettromeccanica 699 $aLavoratori elettromeccanici$xLavoratori$xIndustria elettromeccanica 700 1$aBezza$b, Bruno$3CFIV011909$4070$0123983 701 1$aGallessi$b, Roberto$3CFIV010985$4070$01263457 701 1$aDatola$b, Stefano$3RAVV045208$4070$01263458 712 01$aFederazione impiegati operai metallurgici$c $b : Centro ricerche e studi sindacali$3RAVV045210 801 3$aIT$bIT-000000$c19900508 850 $aIT-BN0095 $aIT-SA0002 $aIT-NA0230 901 $bNAP AE$cSC. POL. $n$ 901 $bNAP 01$cPOZZO LIB.$nVi sono collocati fondi di economia, periodici di ingegneria e scienze, periodici di economia e statistica e altri fondi comprendenti documenti di economia pervenuti in dono. 912 $aLO10020241 950 0$aBiblioteca Centralizzata di Ateneo$c1 v.$d 01POZZO LIB.F. SANTI 193$e 0101 0060032655E VMA 1 v. (Precedente collocazione S 293)$fB $h20221107$i20221107 977 $a 01$a AE$a IR 996 $aLotte degli elettromeccanici$92961438 997 $aUNISANNIO